| 000 | 00561nam a2200205Ia 4500 | ||
|---|---|---|---|
| 008 | 180207s9999 xx 000 0 und d | ||
| 020 | _a9789715907163 | ||
| 050 | _bM954 2010 | ||
| 100 | _aMuldoon, Kathleen M. | ||
| 245 | _aYes I can! : | ||
| 245 | _ba kid's guide to dealing with physical challenges / | ||
| 245 | _cby Kathleen M. Muldoon ; illustrated by R. W. Alley. | ||
| 260 | _aUSA : | ||
| 260 | _bOne Caring Place, | ||
| 260 | _c2010 | ||
| 300 | _aunpaged : | ||
| 300 | _bchiefly colored ; | ||
| 300 | _c21cm. | ||
| 440 | _aPhonics readers. | ||
| 999 |
_c355571 _d355571 |
||